Aardrijkskunde Meerkeuze #2 - Statistieken

Algemene statistieken
  • Deze quiz is 167 keer genomen
  • De gemiddelde score is 10 van 15
Antwoordstatistieken
Vraag Antwoord % Correct
In welk van deze landen leeft men het langst? Japan
90%
Welk van deze landen heeft de meeste buurlanden? Duitsland
87%
Welke van deze rivieren stroomt door de meeste landen? Donau
84%
Welk van deze landen heeft het hoogste BBP per hoofd van de bevolking? Zwitserland
84%
Welk van volgende bergketens heeft het hoogste punt? Andes
77%
Welke van deze steden heeft de grootste luchtvervuiling? New Delhi
77%
Welke van deze steden heeft de grootste populatie? Sjanghai
77%
Welke van deze VS is de grootste? California
74%
Welk van deze landen heeft het hoogste aantal kinderen per vrouw? Tanzania
71%
In welk van deze steden valt de meeste regen? Kuala Lumpur
68%
Welk van deze landen is het grootst? Madagascar
52%
In welk van deze landen leven de meeste Katholieken? Polen
52%
Welk van volgende landen heeft de meeste inwoners? Brazilië
48%
Welk van deze watermassa's heeft de grootste oppervlakte? Golf van Mexico
45%
Welk van deze steden ligt het meest noordelijk? Londen
42%
Geen overeenkomende quizzen gevonden
Scoreverdeling
Procent van Mensen met Elke Score
Percentiel versus Aantal Correcte Antwoorden
Uw Scoregeschiedenis
U heeft deze quiz nog niet genomen